000 00681nam a2200205Ia 4500
001 9574
003 GE_BSU
008 181216s||||||||xx |||||||||||||| ||und||
040 _cGE_BSU
080 _a821.353.1–1
100 _aმარგიანი,რევაზ
245 _aრჩეული ლექსები
245 _cრედ.ირაკლი აბაშიძე,მხატვ.გ.ფოცხიშვილი
260 _aთბილისი
260 _bსაბჭოთა მწერალი
260 _c1956
300 _a259გვ.20სმ.1ფ.პორტრ.
653 _aრჩეული ლექსები
942 _cBK
999 _c42866
_d42866